000 01925nam a2200361 a 4500
999 _c143294
_d143294
003 BLK
005 20250129005527.0
008 180409b bul|||||r ||||||| ||bul||
010 _aKNG00149413000
040 _aBLK
041 _aBUL
_cBUL
080 _aБългарска литература
_b821.163.2
_x-93-1
_z821.163.2-93-1
080 _aБългарска литература
_b821.163.2
_x-93-32
_z821.163.2-93-32
100 _aСтрумски, Георги
_d1932 - 2013
_gПисател, поет, преводач от руски език.
_qЙорданов, Георги Асенов
_9375654
139 _aСтрумски, Георги
_bС 87
245 1 0 _aПесен, приказка, палитра
_bСтихотворения и разкази за деца
_cГеорги Струмски; худож. Борислав Иванов Кьосев; * Георги Асенов Йорданов.
257 _aBGR
260 _bБълг. писател
_c1987
_fСофия : ДП Балкан
_aСофия
300 _a168 с.
_bс цв. ил.
_c20 см
380 _aDX
500 _aИстинското име на авт. е Георги Асенов Йорданов. - Съдържа илюстрации на деца участвували в Междунар. асамблея Знаме на мира. - 11 111 тир.
653 _aдетска литература
653 _aлитература за деца
700 1 _aКьосев, Борислав Иванов
_eхудож.
_9327928
700 _aЙорданов, Георги Асенов
_9326703
852 _aЦб 263029
856 4 _qpdf
_i0.00
_ldisable
856 4 _qpdf
_i0.00
_ldisable
942 _cKNG
_n0
_s1
_01
944 _aCR
_c16.08.2013
_lCRON CRON
_k
944 _aED
_c13.09.2017
_l16.08.2013 - от С1,Р / 16.08.2013
_kСевдалина_Василева
999 _d143294